000 00821nam a2200229 a 4500
001 47696
003 BD-RjUL
005 20211209054355.0
008 160810s1969 bg ||||| |||| 00| 0 ben d
035 _a(BD-RjUL)47815
040 _aBD-RjUL
_bben
_cBD-RjUL
041 _aben
082 _223
_a891.442
_bCHA 1969
100 _aচৌধুরী,কবীর
_9120511
245 _aঅচেনা /
_cকবীর চৌধুরী
260 _aঢাকা :
_bবাঙলা একাডেমী,
_c১৯৬৯
300 _a[১২] ৬৭ পৃ.
_c২২ সেমি.
500 _aজে. বি. প্রিস্টলীর ডেঞ্জারাস কর্ণার অবলম্বনে
650 _aবাংলা নাটক
_9144894
650 _aBangla drama
_9124092
942 _2ddc
_cBK
999 _c47696
_d47696